| 000 | 00513nam a2200193Ia 4500 | ||
|---|---|---|---|
| 003 | IN-BaIIA | ||
| 008 | 211028s9999 xx 000 0 eng d | ||
| 020 | _a7167-0985-6 | ||
| 040 | _cIIA Library | ||
| 080 |
_a535.215.2 _bSCH |
||
| 100 |
_aSchawlow, Arthur L _97551 |
||
| 245 | 0 |
_aLaser and Light _cArthur L. Schawlow |
|
| 260 |
_aSan Francisco, _bW. H. Freeman _c1969 |
||
| 300 | _avi,374p. | ||
| 490 | _aReadings from Scientific American | ||
| 650 |
_aLasers _93580 |
||
| 650 | _aNASA Thesaurus | ||
| 942 | _cBK | ||
| 999 |
_c4293 _d4293 |
||